Vice-Campeões da UEFA Europa League - Statistics

Estatísticas Gerais
  • Esse quiz foi jogado 118 vezes
  • A pontuação média é 39 de 48
Estatísticas das Respostas
Edição Cidade, País Clube % Correto
1999-00 Londres, Inglaterra Arsenal
98%
2018-19 Londres, Inglaterra Arsenal
98%
2016-17 Amsterdã, Países Baixos Ajax
96%
1982-83 Lisboa, Portugal Benfica
96%
2012-13 Lisboa, Portugal Benfica
96%
2013-14 Lisboa, Portugal Benfica
96%
2010-11 Braga, Portugal Braga
96%
1990-91 Roma, Itália Roma
96%
2015-16 Liverpool, Inglaterra Liverpool
95%
1998-99 Marselha, França Olympique de Marseille
95%
2003-04 Marselha, França Olympique de Marseille
95%
2017-18 Marselha, França Olympique de Marseille
95%
2001-02 Dortmund, Alemanha Borussia Dortmund
94%
1994-95 Turim, Itália Juventus
94%
1971-72 Wolverhampton, Inglaterra Wolverhampton Wanderers
94%
1976-77 Bilbao, Espanha Athletic Bilbao
93%
1972-73 Mönchengladbach, Alemanha Borussia Mönchengladbach
93%
1979-80 Mönchengladbach, Alemanha Borussia Mönchengladbach
93%
1996-97 Milão, Itália Internazionale
93%
2009-10 Fulham, Inglaterra Fulham
91%
1981-82 Hamburgo, Alemanha Hamburger SV
91%
2002-03 Glasgow, Escócia Celtic
90%
2004-05 Lisboa, Portugal Sporting
90%
2008-09 Bremen, Alemanha Werder Bremen
90%
2005-06 Middlesbrough, Inglaterra Middlesbrough
89%
2007-08 Glasgow, Escócia Rangers
89%
1993-94 Salzburg, Áustria Casino Salzburg
88%
1989-90 Florença, Itália Fiorentina
88%
1995-96 Bordeaux, França Bordeaux
85%
2014-15 Dnipro, Ucrânia Dnipro
85%
1988-89 Stuttgart, Alemanha Stuttgart
84%
1980-81 Alkmaar, Países Baixos AZ Alkmaar
83%
1991-92 Turim, Itália Torino
83%
1972-73 Londres, Inglaterra Tottenham
83%
1992-93 Dortmund, Alemanha Borussia Dortmund
79%
1977-78 Bastia, França Bastia
75%
1985-86 Colônia, Alemanha 1. FC Köln
73%
1975-76 Bruges, Bélgica Club Brugge
73%
1987-88 Barcelona, Espanha Espanyol
72%
2006-07 Barcelona, Espanha Espanyol
72%
1978-79 Belgrado, Iugoslávia Estrela Vermelha
70%
1983-84 Bruxelas, Bélgica Anderlecht
68%
2011-12 Bilbao, Espanha Athletic Bilbao
65%
1997-98 Formello, Itália Lazio
44%
1986-87 Dundee, Escócia Dundee United
43%
2000-01 Vitoria-Gasteiz, Espanha Alavés
33%
1974-75 Enschede, Países Baixots Twente
33%
1984-85 Székesfehérvár, Hungria Fehérvár
15%
Nenhum quiz correspondente encontrado
Distribuição das Pontuações
Porcentagem de Pessoas com Cada Pontuação
Percentil de Números Respondidos
Sua Pontuação Histórica
Você não jogou esse quiz